| 000 | 00528nam a22001937a 4500 | ||
|---|---|---|---|
| 003 | Ost | ||
| 005 | 20260313081120.0 | ||
| 008 | 260313b |||||||| |||| 00| 0 eng d | ||
| 020 | _a9780367386269 | ||
| 040 | _cBT-PhCST | ||
| 050 | _a25787-25788 | ||
| 082 |
_222 _a658.5 _bTAY |
||
| 100 | _aTaylor, G. Don. | ||
| 245 | _aIntroduction to logistics engineering / | ||
| 260 |
_aLondon : _bCRC Press Taylor and Francis, _cc2009. |
||
| 300 |
_axiii, 12-25 p. : _bill. ; _c25 cm. |
||
| 500 | _aIncludes index. | ||
| 942 |
_2ddc _cMEC |
||
| 999 |
_c10209 _d10209 |
||